| 000 | 00471nam a2200121Ia 4500 | ||
|---|---|---|---|
| 008 | 160712s9999 xx 000 0 und d | ||
| 100 | _aReyes, Jo Anne S. | ||
| 245 |
_cJo Anne S. Reyes, Felicitas E. Pado _aDevelopment of Composing Skills in Filipino Among Second Graders Through Directed Reading Lessons |
||
| 260 |
_c2013 _bEducation Quarterly |
||
| 300 | _avol. 71 no. 2 | ||
| 650 | _xWRITING | ||
| 856 | _uhttp://journals.upd.edu.ph/index.php/edq/article/view/3884/3541 | ||
| 999 |
_c297371 _d297371 |
||